[Event "Open Sicilian Mini-Tournament"]
[Site "SchemingMind.com"]
[Date "2007.01.30"]
[Round "-"]
[White "bigfoot1"]
[Black "KaliYuga"]
[Result "0-1"]
[WhiteCountry "FRA"]
[BlackCountry "IRL"]
[WhiteElo "1614"]
[WhiteRD "79"]
[BlackElo "1925"]
[BlackRD "70"]
[GameID "89310"]

1. e4 c5 2. Nf3 d6 3. d4 cxd4 4. Nxd4 Nf6 5. Nc3 g6 6. f4 Bg7 7. Be2 Nc6 8. Be3 O-O 9. Qd2 d5 10. Nxc6 bxc6
11. Rd1 Ng4
0-1

[Event "Open Sicilian Mini-Tournament"]
[Site "SchemingMind.com"]
[Date "2007.01.29"]
[Round "-"]
[White "fishofchaos"]
[Black "KaliYuga"]
[Result "0-1"]
[WhiteCountry "ENG"]
[BlackCountry "IRL"]
[WhiteElo "1699"]
[WhiteRD "57"]
[BlackElo "1945"]
[BlackRD "70"]
[GameID "89311"]

1. e4 c5 2. Nf3 d6 3. d4 cxd4 4. Nxd4 Nf6 5. Nc3 g6 6. Be3 Bg7 7. f3 Nc6 8. Qd2 Bd7 9. O-O-O h5 10. Kb1 a6
11. Nd5 Nxd5 12. exd5 Ne5 13. h3 Rc8 14. Be2 Nc4 15. Bxc4 Rxc4 16. h4 O-O 17. c3 b5 18. Rdg1 Qa5 19. b3 Rxc3 20. g4 hxg4
21. fxg4 Rfc8 22. Rc1 b4 23. Rxc3 bxc3 24. Qe2 Bxd4 25. Bxd4 c2+ 26. Kb2 Qxd5 27. Bc3 Qxh1 28. Kxc2 Qxh4
0-1

[Event "Open Sicilian Mini-Tournament"]
[Site "SchemingMind.com"]
[Date "2007.01.30"]
[Round "-"]
[White "tacticrules"]
[Black "KaliYuga"]
[Result "0-1"]
[WhiteCountry "GER"]
[BlackCountry "IRL"]
[WhiteElo "1632"]
[WhiteRD "53"]
[BlackElo "1894"]
[BlackRD "66"]
[GameID "89312"]

1. e4 c5 2. Nf3 d6 3. d4 cxd4 4. Nxd4 Nf6 5. Nc3 g6 6. Bc4 Bg7 7. Be3 Nc6 8. Bb3 Bd7 9. f3 Nxd4 10. Bxd4 O-O
11. O-O b5 12. Bf2 b4 13. Nd5 Nxd5 14. Bxd5 Rc8 15. Rb1 a5 16. a3 e6 17. Ba2 Bb5 18. Re1 bxa3 19. bxa3 Ba6 20. Bb6 Qg5
21. Be3 Qh5 22. Rb6 Bc4 23. Bxc4 Rxc4 24. Rxd6 Be5 25. Rd3 Qxh2+ 26. Kf1 Bg3 27. Bf2 Qh1+ 28. Ke2 Qxg2 29. Rf1 f5 30. Rd8 Rxc2+
31. Qxc2 Rxd8 32. exf5 exf5 33. Qc4+ Kf8 34. Qc5+ Bd6 35. Qxa5 Re8+
0-1

[Event "Open Sicilian Mini-Tournament"]
[Site "SchemingMind.com"]
[Date "2007.01.30"]
[Round "-"]
[White "sabicas"]
[Black "KaliYuga"]
[Result "1-0"]
[WhiteCountry "ROU"]
[BlackCountry "IRL"]
[WhiteElo "1711"]
[WhiteRD "88"]
[BlackElo "1894"]
[BlackRD "66"]
[GameID "89313"]

1. e4 c5 2. Nc3 d6 3. f4 g6 4. Nf3 Bg7 5. d4 cxd4 6. Nxd4 Nf6 7. Be2 Nc6 8. Be3 O-O 9. h3 d5 10. e5 Ne4
11. Nxe4 dxe4 12. Nxc6 Qxd1+ 13. Rxd1 bxc6 14. Bc4 Rb8 15. b3 a5 16. a4 Bb7 17. Rd7 e6 18. Ke2 Rfd8 19. Rhd1 Rxd7 20. Rxd7 Bf8
21. Ba7 Bc8 22. Rxf7 Kxf7 23. Bxb8 Bb4 24. Ke3 c5 25. Kxe4 Bb7+ 26. Kd3 Bxg2 27. c3 Ba3 28. Kd2 Bxh3 29. Bc7 h5 30. Bxa5 Ke8
31. Bb6 h4 32. Bb5+ Ke7 33. Bc6 Bf1 34. Bb7 h3 35. Ke1 Bd3 36. Kf2 c4 37. b4 Bxb4 38. cxb4 c3 39. Kg3 c2 40. Be3 Kd7
41. a5 Kc7 42. Bf3 Ba6 43. Kxh3 Bb7 44. Bxb7 Kxb7 45. Kg4
1-0

[Event "Open Sicilian Mini-Tournament"]
[Site "SchemingMind.com"]
[Date "2007.01.30"]
[Round "-"]
[White "Lovac"]
[Black "KaliYuga"]
[Result "0-1"]
[WhiteCountry "CRO"]
[BlackCountry "IRL"]
[WhiteElo "1420"]
[WhiteRD "144"]
[BlackElo "1945"]
[BlackRD "70"]
[GameID "89314"]

1. e4 c5 2. Na3 d6 3. Bb5+ Bd7 4. Bxd7+ Qxd7 5. d3 g6 6. c3 Bg7 7. Nf3 Nf6 8. O-O Nc6 9. h3 O-O 10. Be3 a6
11. Qd2 Rfd8 12. Bh6 Bh8 13. Nc2 b5
0-1

[Event "Open Sicilian Mini-Tournament"]
[Site "SchemingMind.com"]
[Date "2007.02.01"]
[Round "-"]
[White "Valiantangel"]
[Black "rabbit"]
[Result "0-1"]
[WhiteCountry "SGP"]
[BlackCountry "USA"]
[WhiteElo "1499"]
[WhiteRD "55"]
[BlackElo "2023"]
[BlackRD "71"]
[GameID "89566"]

1. e4 c5 2. Nf3 e6 3. d3 d5 4. Nbd2 Nf6 5. g3 Nc6 6. Bg2 Bd6 7. c3 O-O 8. O-O Qc7 9. Qe2 Bd7 10. Re1 dxe4
11. Nxe4 Nxe4 12. dxe4 e5 13. Be3 Rfe8 14. Rad1 Bg4 15. Qc4 Rad8 16. Rd2 Be7 17. Red1 Rxd2 18. Rxd2 Be6 19. Qa4 Rd8 20. a3 Rxd2
21. Nxd2 a6 22. Qd1 Qd7 23. Qc2 b6 24. Bf1 b5 25. a4 Qb7 26. axb5 axb5 27. Nb3 Qb6 28. f3 b4 29. Nd2 Qa7 30. Kg2 bxc3
31. bxc3 Qa1 32. Be2 Na5 33. c4 Qe1 34. Qd3 Nc6 35. Bf2 Bh3+
0-1

[Event "Open Sicilian Mini-Tournament"]
[Site "SchemingMind.com"]
[Date "2007.02.01"]
[Round "-"]
[White "Valiantangel"]
[Black "bigfoot1"]
[Result "0-1"]
[WhiteCountry "SGP"]
[BlackCountry "FRA"]
[WhiteElo "1499"]
[WhiteRD "55"]
[BlackElo "1669"]
[BlackRD "83"]
[GameID "89567"]

1. e4 c5 2. Nf3 d6 3. d4 cxd4 4. Nxd4 Nf6 5. Nc3 Nc6 6. Bg5 e6 7. f4 Be7 8. Qd2 a6 9. O-O-O Qc7 10. Kb1 O-O
11. h3 b5 12. Nxc6 Qxc6 13. Bxf6 Bxf6 14. Qxd6 Qxd6 15. Rxd6 Bxc3 16. bxc3 Bb7 17. Bd3 a5
0-1

[Event "Open Sicilian Mini-Tournament"]
[Site "SchemingMind.com"]
[Date "2007.02.01"]
[Round "-"]
[White "Valiantangel"]
[Black "KaliYuga"]
[Result "0-1"]
[WhiteCountry "SGP"]
[BlackCountry "IRL"]
[WhiteElo "1499"]
[WhiteRD "55"]
[BlackElo "1894"]
[BlackRD "66"]
[GameID "89568"]

1. e4 c5 2. Nf3 d6 3. d4 cxd4 4. Nxd4 Nf6 5. Nc3 g6 6. Bc4 Bg7 7. h3 Nc6 8. Be3 Bd7 9. O-O O-O 10. a4 a6
11. Nd5 Nxe4 12. c3 e6 13. Nb6 Qxb6 14. Nxe6 Qxb2 15. Nxg7 Qxc3 16. Bd5 Qe5 17. Bh6 Nc3
0-1

[Event "Open Sicilian Mini-Tournament"]
[Site "SchemingMind.com"]
[Date "2007.02.01"]
[Round "-"]
[White "Valiantangel"]
[Black "fishofchaos"]
[Result "1-0"]
[WhiteCountry "SGP"]
[BlackCountry "ENG"]
[WhiteElo "1499"]
[WhiteRD "55"]
[BlackElo "1698"]
[BlackRD "58"]
[GameID "89569"]

1. e4 c5 2. Nf3 e6 3. d3 Nc6 4. g3 g6 5. Bg2 Bg7 6. c3 Nge7 7. O-O O-O 8. Bg5 d5 9. Qe2 Qc7 10. Re1 dxe4
11. dxe4 a6 12. a4 Bd7 13. Na3 Rab8 14. Nc4 Rfe8 15. a5 e5 16. Qe3 f6 17. Bh6 Be6 18. Bxg7 Kxg7 19. Qxc5 Red8 20. Nb6 Qd6
21. Qe3 Bg4 22. h3 Be6 23. Red1 Qc7 24. Nd2 Nc8 25. Ndc4 Bxc4 26. Nxc4 Nd6 27. Nxd6 Rxd6 28. Rxd6 Qxd6 29. Bf3 Qc7 30. Qc5 Rd8
31. Rd1 Rxd1+ 32. Bxd1 Qxa5 33. Qxa5 Nxa5 34. b3 Nc6 35. Kg2 Na5 36. Kf3 g5 37. Ke3 Kf7 38. Kd3 Ke6 39. b4 Nc6 40. Bb3+ Kd6
41. Bd5 b5 42. Ke3 h6 43. f4 a5 44. fxg5 hxg5 45. Bxc6 Kxc6 46. bxa5 Kb7 47. h4
1-0

[Event "Open Sicilian Mini-Tournament"]
[Site "SchemingMind.com"]
[Date "2007.02.01"]
[Round "-"]
[White "Valiantangel"]
[Black "tacticrules"]
[Result "1-0"]
[WhiteCountry "SGP"]
[BlackCountry "GER"]
[WhiteElo "1499"]
[WhiteRD "55"]
[BlackElo "1632"]
[BlackRD "53"]
[GameID "89570"]

1. e4 c5 2. Nf3 Nc6 3. d4 cxd4 4. Nxd4 Nf6 5. Nc3 e5 6. Nb3 Be7 7. Bg5 a6 8. Bxf6 Bxf6 9. Nd5 O-O 10. a4 d6
11. Bc4 Be6 12. c3 Rc8 13. a5 Bxd5 14. Bxd5 Bg5 15. O-O Kh8 16. Qh5 Qf6 17. Rad1 g6 18. Qg4 h5 19. Qg3 Bf4 20. Qh3 Ne7
21. Rd3 Bh6 22. Rf3 Qg7 23. Qd7 Nc6 24. Qxb7 Nd8 25. Qxc8
1-0

[Event "Open Sicilian Mini-Tournament"]
[Site "SchemingMind.com"]
[Date "2007.02.02"]
[Round "-"]
[White "Valiantangel"]
[Black "sabicas"]
[Result "0-1"]
[WhiteCountry "SGP"]
[BlackCountry "ROU"]
[WhiteElo "1499"]
[WhiteRD "55"]
[BlackElo "1711"]
[BlackRD "88"]
[GameID "89571"]

1. e4 c5 2. Nf3 d6 3. d4 cxd4 4. Nxd4 Nf6 5. Nc3 Nc6 6. Bg5 h6 7. Bxf6 gxf6 8. Nb3 h5 9. Bc4 a6 10. Qe2 Bd7
11. O-O-O b5 12. Bd3 Rc8 13. Kb1 Ne5 14. f3 e6 15. Rc1 Bh6 16. Rce1 b4 17. Nd1 a5 18. Ne3 a4 19. Nd2 a3 20. Ndc4 Qc7
21. Nxe5 fxe5 22. Nd1 Rg8 23. g4 hxg4 24. fxg4 axb2 25. Nxb2 Ra8 26. Bc4 Ra3 27. h4 Bf4 28. Rd1 Ke7
0-1

[Event "Open Sicilian Mini-Tournament"]
[Site "SchemingMind.com"]
[Date "2007.02.01"]
[Round "-"]
[White "Valiantangel"]
[Black "Lovac"]
[Result "1-0"]
[WhiteCountry "SGP"]
[BlackCountry "CRO"]
[WhiteElo "1893"]
[WhiteRD "67"]
[BlackElo "1289"]
[BlackRD "108"]
[GameID "89572"]

1. e4 c5 2. Nf3 Nf6 3. Nc3 d6 4. d4 cxd4 5. Nxd4 g6 6. Bc4 Bg7 7. h3 Nc6 8. Nxc6 bxc6 9. Bf4 O-O 10. e5 Nh5
11. Bh2 Bxe5 12. Bxe5 dxe5 13. Qe2
1-0

[Event "Open Sicilian Mini-Tournament"]
[Site "SchemingMind.com"]
[Date "2007.02.01"]
[Round "-"]
[White "rabbit"]
[Black "Valiantangel"]
[Result "1-0"]
[WhiteCountry "USA"]
[BlackCountry "SGP"]
[WhiteElo "2023"]
[WhiteRD "71"]
[BlackElo "1499"]
[BlackRD "55"]
[GameID "89573"]

1. e4 c5 2. Nf3 d6 3. d4 cxd4 4. Nxd4 Nf6 5. Nc3 a6 6. Be2 e5 7. Nf3 h6 8. O-O Be7 9. Be3 O-O 10. Bc4 Be6
11. Bxe6 fxe6 12. Nh4 Kh7 13. Qd3 Ng4 14. Nf3 Nxe3 15. Qxe3 Nc6 16. Rfd1 Qc7 17. a3 Rac8 18. Ne2 b5 19. Qb3 Rf6 20. c3 Rcf8
21. Qc2 Rg6 22. Kf1 Qb6 23. Ng3 Nd8 24. a4 Nf7 25. axb5 axb5 26. Ra2 Ng5 27. Ne1 Kh8 28. Rda1 Rgf6 29. Nd3 R6f7 30. Kg1 Nh7
31. Ra6 Qb7 32. Qd1 Nf6 33. Qe2 Kh7 34. h3 Ne8 35. Ra7 Qc6 36. Qd1 Nc7 37. Qg4
1-0

[Event "Open Sicilian Mini-Tournament"]
[Site "SchemingMind.com"]
[Date "2007.02.02"]
[Round "-"]
[White "bigfoot1"]
[Black "Valiantangel"]
[Result "1-0"]
[WhiteCountry "FRA"]
[BlackCountry "SGP"]
[WhiteElo "1669"]
[WhiteRD "83"]
[BlackElo "1499"]
[BlackRD "55"]
[GameID "89574"]

1. e4 c5 2. Nf3 d6 3. d4 cxd4 4. Nxd4 Nf6 5. Nc3 a6 6. Be3 e5 7. Nb3 Be6 8. Bd3 Nbd7 9. O-O Be7 10. f3 O-O
11. Qd2 b5 12. Kh1 Qc7 13. Rac1 b4 14. Nd5 Bxd5 15. exd5 Nb6 16. Bxb6 Qxb6 17. c3
1-0

[Event "Open Sicilian Mini-Tournament"]
[Site "SchemingMind.com"]
[Date "2007.02.01"]
[Round "-"]
[White "KaliYuga"]
[Black "Valiantangel"]
[Result "1-0"]
[WhiteCountry "IRL"]
[BlackCountry "SGP"]
[WhiteElo "1894"]
[WhiteRD "66"]
[BlackElo "1499"]
[BlackRD "55"]
[GameID "89575"]

1. e4 c5 2. Nf3 d6 3. d4 cxd4 4. Nxd4 Nf6 5. Nc3 a6 6. Be3 e5 7. Nb3 Be6 8. Nd5 Nbd7 9. f3 Bxd5 10. exd5 Be7
11. Qd2 O-O 12. O-O-O b5 13. Na5 Qc7 14. Nc6 Rfe8 15. h4 Rac8 16. g4 Nxd5 17. Qxd5 Qxc6 18. Qxc6
1-0

[Event "Open Sicilian Mini-Tournament"]
[Site "SchemingMind.com"]
[Date "2007.02.01"]
[Round "-"]
[White "fishofchaos"]
[Black "Valiantangel"]
[Result "0-1"]
[WhiteCountry "ENG"]
[BlackCountry "SGP"]
[WhiteElo "1699"]
[WhiteRD "57"]
[BlackElo "1918"]
[BlackRD "79"]
[GameID "89576"]

1. e4 c5 2. Nf3 d6 3. d4 cxd4 4. Nxd4 Nf6 5. Nc3 a6 6. Be2 e5 7. Nb3 Be6 8. O-O Be7 9. f4 Qc7 10. f5 Bd7
11. Be3 Bc6 12. Bd3 O-O 13. Qf3 b5 14. a4 b4 15. Ne2 Nbd7 16. a5 Rfc8 17. c3 d5 18. Ng3 bxc3 19. bxc3 dxe4 20. Nxe4 Nxe4
21. Bxe4 Bxe4 22. Qxe4 Qxc3 23. Rab1 Nc5 24. Nxc5 Bxc5 25. Bxc5 Qxc5+ 26. Kh1 f6 27. Ra1 Rab8 28. Rfc1 Qxc1+
0-1

[Event "Open Sicilian Mini-Tournament"]
[Site "SchemingMind.com"]
[Date "2007.02.01"]
[Round "-"]
[White "tacticrules"]
[Black "Valiantangel"]
[Result "1-0"]
[WhiteCountry "GER"]
[BlackCountry "SGP"]
[WhiteElo "1632"]
[WhiteRD "53"]
[BlackElo "1499"]
[BlackRD "55"]
[GameID "89577"]

1. e4 c5 2. Nc3 Nc6 3. g3 Nf6 4. Bg2 d6 5. Nf3 e5 6. O-O Bg4 7. d3 Nd4 8. h3 Bxf3 9. Bxf3 Nxf3+ 10. Qxf3= h6
11. Be3 Qb6 12. Nd5 Nxd5 13. exd5 Be7 14. b3 O-O 15. c4 Qd8 16. Rad1 Bg5 17. Bxg5 Qxg5 18. Kh2 a5 19. a4 f5 20. Rfe1 Rae8
21. h4 Qg6 22. Rg1 Qg4 23. Qxg4 fxg4 24. Kg2 Rf3 25. Rge1 Ref8 26. Re2 h5 27. Rde1 Rxd3 28. Rb1 Rff3 29. Re3 Rdxe3 30. fxe3 Rxe3
31. Kf2
1-0

[Event "Open Sicilian Mini-Tournament"]
[Site "SchemingMind.com"]
[Date "2007.02.01"]
[Round "-"]
[White "sabicas"]
[Black "Valiantangel"]
[Result "1-0"]
[WhiteCountry "ROU"]
[BlackCountry "SGP"]
[WhiteElo "1711"]
[WhiteRD "88"]
[BlackElo "1499"]
[BlackRD "55"]
[GameID "89578"]

1. e4 c5 2. Nf3 d6 3. d4 cxd4 4. Nxd4 Nf6 5. Nc3 a6 6. g3 Bg4 7. Qd3 Qd7 8. Bg2 Nc6 9. Nxc6 bxc6 10. O-O h6
11. e5 dxe5 12. Qc4 Be6 13. Qxc6 Rc8 14. Qxd7+ Nxd7 15. Bb7 Rb8 16. Bxa6 g5 17. a4 Bg7 18. Bb5 O-O 19. Be3 Nb6 20. Bc5 Bf6
21. Ne4 Kg7 22. Nxf6 Kxf6 23. f4 exf4 24. Bd4+ Kf5 25. h3 Bc4 26. Bxb6 Bxb5 27. axb5 Rxb6 28. c4
1-0

[Event "Open Sicilian Mini-Tournament"]
[Site "SchemingMind.com"]
[Date "2007.02.01"]
[Round "-"]
[White "Lovac"]
[Black "Valiantangel"]
[Result "0-1"]
[WhiteCountry "CRO"]
[BlackCountry "SGP"]
[WhiteElo "1289"]
[WhiteRD "108"]
[BlackElo "1893"]
[BlackRD "67"]
[GameID "89579"]

1. e4 c5 2. Nf3 d6 3. Bb5+ Bd7 4. Bxd7+ Qxd7 5. O-O Nc6 6. c3 d5 7. e5 e6 8. d4 Nh6 9. Na3 Nf5 10. Nc2 Be7
11. Ne3 Nxe3 12. Bxe3 cxd4 13. cxd4 O-O 14. Rc1 f6
0-1

[Event "Open Sicilian Mini-Tournament"]
[Site "SchemingMind.com"]
[Date "2007.01.31"]
[Round "-"]
[White "Archon"]
[Black "rabbit"]
[Result "0-1"]
[WhiteCountry "CAN"]
[BlackCountry "USA"]
[WhiteElo "1661"]
[WhiteRD "65"]
[BlackElo "1974"]
[BlackRD "79"]
[GameID "89608"]

1. e4 c5 2. Nf3 e6 3. d4 cxd4 4. Nxd4 Nc6 5. Nb5 d6 6. c4 Nf6 7. N1c3 a6 8. Na3 Be7 9. Be2 O-O 10. O-O Bd7
11. Be3 Qa5 12. Nc2 b5 13. cxb5 axb5 14. Bxb5 Nxe4 15. Nxe4 Qxb5 16. Nxd6 Qxb2 17. Nc4 Qb7 18. Nb6 Rad8 19. Nxd7 Rxd7 20. Qe2 Rfd8
21. Rfd1 Qb2 22. Rxd7 Rxd7 23. g3 Bf6 24. a3 Qb3 25. Rd1 Rxd1+ 26. Qxd1 Be7 27. Qc1 Ne5 28. Nb4 Nc4 29. Bf4 Bf8 30. Nc2 Nxa3
31. Nxa3 Bxa3 32. Qc8+ Bf8 33. Be3 Qb1+ 34. Kg2 Qe4+ 35. Kg1 Qd5 36. Qb8 e5 37. Qe8 e4 38. h4 h6 39. h5 f5 40. Qg6 Qf7
41. Kg2 Qxg6 42. hxg6 Be7 43. Kh3 h5 44. Kg2 Kf8 45. f3 Bf6 46. fxe4 fxe4 47. g4 hxg4 48. Kg3 Ke7 49. Kxg4 Ke6 50. Kf4 Kd5
51. Bf2 Bd4 52. Be1 e3 53. Bh4 Bc5 54. Be1 Kc4 55. Ke4 e2 56. Kf3 Kd3
0-1

[Event "Open Sicilian Mini-Tournament"]
[Site "SchemingMind.com"]
[Date "2007.02.01"]
[Round "-"]
[White "Archon"]
[Black "bigfoot1"]
[Result "1-0"]
[WhiteCountry "CAN"]
[BlackCountry "FRA"]
[WhiteElo "1641"]
[WhiteRD "59"]
[BlackElo "1614"]
[BlackRD "79"]
[GameID "89609"]

1. e4 c5 2. Nf3 d6 3. d4 cxd4 4. Nxd4 Nf6 5. Nc3 Nc6 6. Bg5 e6 7. Qd2 a6 8. O-O-O Be7 9. f4 O-O 10. Nf3 Ne8
11. Bxe7 Qxe7 12. Kb1 b5 13. Bd3 Nc7 14. h4 Rb8 15. h5 Bd7 16. h6 g6 17. f5 b4 18. Ne2 e5 19. fxg6
1-0

[Event "Open Sicilian Mini-Tournament"]
[Site "SchemingMind.com"]
[Date "2007.01.31"]
[Round "-"]
[White "Archon"]
[Black "KaliYuga"]
[Result "1/2-1/2"]
[WhiteCountry "CAN"]
[BlackCountry "IRL"]
[WhiteElo "1661"]
[WhiteRD "65"]
[BlackElo "1945"]
[BlackRD "70"]
[GameID "89610"]

1. e4 c5 2. Nf3 d6 3. d4 cxd4 4. Nxd4 Nf6 5. Nc3 g6 6. Be3 Bg7 7. f3 Nc6 8. Qd2 Bd7 9. Bc4 O-O 10. h4 Ne5
11. Bb3 Rc8 12. h5 Nxh5 13. O-O-O Nc4 14. Bxc4 Rxc4 15. g4 Nf6 16. Bh6 Rxc3 17. Bxg7 Rxc2+ 18. Nxc2 Kxg7 19. Qh6+ Kg8 20. g5 Nh5
21. Rxh5 gxh5 22. Rh1 Qc8 23. Rxh5 Bf5 24. exf5 Qxf5 25. f4 Qxf4+ 26. Kd1 Qf3+ 27. Kc1 Qf1+ 28. Kd2 Qf2+ 29. Kc1 Qf1+=
1/2-1/2

[Event "Open Sicilian Mini-Tournament"]
[Site "SchemingMind.com"]
[Date "2007.02.01"]
[Round "-"]
[White "Archon"]
[Black "Valiantangel"]
[Result "0-1"]
[WhiteCountry "CAN"]
[BlackCountry "SGP"]
[WhiteElo "1660"]
[WhiteRD "74"]
[BlackElo "1944"]
[BlackRD "81"]
[GameID "89611"]

1. e4 c5 2. Nf3 d6 3. d4 cxd4 4. Nxd4 Nf6 5. Nc3 a6 6. Bg5 e6 7. f4 Qb6 8. Nb3 Be7 9. Be2 h6 10. Bxf6 Bxf6
11. Qd3 O-O 12. Bf3 Nc6 13. g4 Rd8 14. h4 Nb4 15. Qd2 a5 16. g5 Bxc3 17. Qxc3 Bd7 18. gxh6 gxh6 19. O-O-O Nxa2+
0-1

[Event "Open Sicilian Mini-Tournament"]
[Site "SchemingMind.com"]
[Date "2007.01.31"]
[Round "-"]
[White "Archon"]
[Black "fishofchaos"]
[Result "1-0"]
[WhiteCountry "CAN"]
[BlackCountry "ENG"]
[WhiteElo "1660"]
[WhiteRD "74"]
[BlackElo "1630"]
[BlackRD "60"]
[GameID "89612"]

1. e4 c5 2. Nf3 e6 3. d4 cxd4 4. Nxd4 Nf6 5. Nc3 d6 6. g4 h6 7. h4 Be7 8. Rg1 d5 9. Bf4 a6 10. exd5 Nxd5
11. Nxd5 Qxd5 12. Bg2 Qa5+ 13. c3 Bxh4 14. Qd2 Qb6 15. Be3 Qc7 16. g5 Bxg5 17. Bxg5 Qe5+ 18. Ne2 hxg5 19. O-O-O Nc6 20. Bxc6+
1-0

[Event "Open Sicilian Mini-Tournament"]
[Site "SchemingMind.com"]
[Date "2007.01.31"]
[Round "-"]
[White "Archon"]
[Black "tacticrules"]
[Result "1-0"]
[WhiteCountry "CAN"]
[BlackCountry "GER"]
[WhiteElo "1661"]
[WhiteRD "65"]
[BlackElo "1554"]
[BlackRD "51"]
[GameID "89613"]

1. e4 c5 2. Nf3 Nc6 3. d4 cxd4 4. Nxd4 Nf6 5. Nc3 e5 6. Ndb5 d6 7. Bg5 a6 8. Na3 b5 9. Nd5 h6 10. Bxf6 gxf6
11. c3 f5 12. exf5 Bxf5 13. Bd3 Bxd3 14. Qxd3 Bg7 15. Nc2 O-O 16. O-O Ne7 17. Nce3 Rc8 18. a3 Nxd5 19. Nxd5 Re8 20. Rad1 Qg5
21. Rfe1 f5 22. f3 e4 23. fxe4 fxe4 24. Rxe4 Rxe4 25. Qxe4 Rd8 26. Rf1 Qe5 27. Ne7+ Kh8 28. Ng6+
1-0

[Event "Open Sicilian Mini-Tournament"]
[Site "SchemingMind.com"]
[Date "2007.01.31"]
[Round "-"]
[White "Archon"]
[Black "sabicas"]
[Result "0-1"]
[WhiteCountry "CAN"]
[BlackCountry "ROU"]
[WhiteElo "1661"]
[WhiteRD "65"]
[BlackElo "1442"]
[BlackRD "106"]
[GameID "89614"]

1. e4 c5 2. Nf3 d6 3. d4 cxd4 4. Nxd4 Nf6 5. Nc3 a6 6. Bg5 e6 7. f4 h6 8. Bh4 Be7 9. Qf3 Qb6 10. Nb3 Nc6
11. Bf2 Qc7 12. Bd3 b5 13. a3 Bb7 14. O-O O-O 15. Be3 Rac8 16. h3 e5 17. f5 Kh7 18. g4 g5 19. Bxg5 hxg5 20. h4 Rg8
21. hxg5 Rxg5 22. Qh3+ Kg7 23. Be2 Rh8 24. Qg3 Qb6+ 25. Kg2 Kf8 26. Rh1 Rhg8 27. Rh4 Nd4 28. Qe3 Bd8 29. Re1 Nxf5 30. Qxb6 Nxh4+
0-1

[Event "Open Sicilian Mini-Tournament"]
[Site "SchemingMind.com"]
[Date "2007.01.31"]
[Round "-"]
[White "Archon"]
[Black "Lovac"]
[Result "1-0"]
[WhiteCountry "CAN"]
[BlackCountry "CRO"]
[WhiteElo "1641"]
[WhiteRD "59"]
[BlackElo "1289"]
[BlackRD "108"]
[GameID "89615"]

1. e4 c5 2. Nf3 d6 3. d4 cxd4 4. Nxd4 Nf6 5. Nc3 Nc6 6. Bg5 e6 7. Qd2 a6 8. O-O-O Bd7 9. f4 b5 10. Bxf6 gxf6
11. Kb1 Qb6 12. Nxc6 Bxc6 13. Qe1 Ra7 14. f5 Qc5 15. Qh4 Be7 16. Qh6 b4 17. Nd5 exd5 18. Qg7 Rf8 19. exd5 Bxd5 20. Bd3 Kd7
21. Rde1 a5 22. Re2 a4 23. Rhe1 Kd8 24. Qxh7 a3 25. c4 Bxc4 26. Bxc4 Qxc4 27. b3 Qd3+ 28. Ka1
1-0

[Event "Open Sicilian Mini-Tournament"]
[Site "SchemingMind.com"]
[Date "2007.02.01"]
[Round "-"]
[White "rabbit"]
[Black "Archon"]
[Result "1-0"]
[WhiteCountry "USA"]
[BlackCountry "CAN"]
[WhiteElo "1939"]
[WhiteRD "78"]
[BlackElo "1660"]
[BlackRD "74"]
[GameID "89616"]

1. e4 c5 2. c3 d5 3. exd5 Qxd5 4. d4 Nc6 5. Nf3 Bg4 6. Be2 cxd4 7. cxd4 e6 8. Nc3 Qa5 9. O-O Nf6 10. h3 Bh5
11. a3 Be7 12. Be3 Nd5 13. Rc1 O-O 14. Nxd5 Qxd5 15. Qd2 Bf6 16. Rc5 Qd8 17. Rxh5
1-0

[Event "Open Sicilian Mini-Tournament"]
[Site "SchemingMind.com"]
[Date "2007.02.01"]
[Round "-"]
[White "bigfoot1"]
[Black "Archon"]
[Result "0-1"]
[WhiteCountry "FRA"]
[BlackCountry "CAN"]
[WhiteElo "1736"]
[WhiteRD "89"]
[BlackElo "1661"]
[BlackRD "65"]
[GameID "89617"]

1. e4 c5 2. Nf3 d6 3. d4 cxd4 4. Nxd4 Nf6 5. Nc3 e6 6. Bg5 Be7 7. Bc4 O-O 8. Qe2 Nc6 9. O-O-O Bd7 10. f3 Nxd4
11. Rxd4 Rc8 12. Bb3 Rxc3 13. bxc3 Qa5 14. Bd2 Qb6 15. g4 Rc8 16. g5 Ne8
0-1

[Event "Open Sicilian Mini-Tournament"]
[Site "SchemingMind.com"]
[Date "2007.02.01"]
[Round "-"]
[White "KaliYuga"]
[Black "Archon"]
[Result "1-0"]
[WhiteCountry "IRL"]
[BlackCountry "CAN"]
[WhiteElo "1945"]
[WhiteRD "70"]
[BlackElo "1661"]
[BlackRD "65"]
[GameID "89618"]

1. e4 c5 2. Nf3 d6 3. d4 cxd4 4. Nxd4 Nf6 5. Nc3 e6 6. g4 h6 7. h4 Nc6 8. Rg1 h5 9. gxh5 Nxh5 10. Bg5 Nf6
11. Be2 Be7 12. Qd2 Kf8 13. O-O-O a6 14. h5 Nxh5 15. Bxe7+ Qxe7 16. Nxc6 bxc6 17. Qxd6 Qxd6 18. Rxd6 Ke7 19. Rxc6 Bd7 20. Rc7 g6
21. Rd1 Rhd8 22. e5 Ng7 23. Ne4 Ne8 24. Rb7 a5 25. Bb5
1-0

[Event "Open Sicilian Mini-Tournament"]
[Site "SchemingMind.com"]
[Date "2007.02.01"]
[Round "-"]
[White "Valiantangel"]
[Black "Archon"]
[Result "0-1"]
[WhiteCountry "SGP"]
[BlackCountry "CAN"]
[WhiteElo "1499"]
[WhiteRD "55"]
[BlackElo "1667"]
[BlackRD "58"]
[GameID "89619"]

1. e4 c5 2. Nf3 d6 3. d4 cxd4 4. Nxd4 Nf6 5. Nc3 e6 6. g4 h6 7. h4 Nc6 8. Rg1 h5 9. g5 Ng4 10. f3 Nge5
11. f4 Ng4 12. Bb5 Bd7 13. Nde2 Qb6 14. Rg2 a6 15. Ba4 Be7 16. Ng3 O-O-O 17. Qe2 g6 18. Nf1 Kb8 19. Bxc6 Bxc6 20. Ne3 Nxe3
21. Bxe3 Qxb2 22. Rb1 Qxc3+ 23. Bd2 Qa3 24. Qc4 d5 25. Qxc6 b5 26. Bc3 Qd6 27. Qxd6+ Bxd6 28. Bxh8 Rxh8 29. e5 Bc5 30. a4 b4
31. c3 a5 32. cxb4 Bxb4+ 33. Kd1 Kc7 34. Rc2+ Kb6 35. Rbc1 Rb8 36. Rc6+ Ka7 37. Rc7+ Rb7 38. R1c2 Kb8 39. Rc8+ Ka7 40. Ke2 d4
41. R8c7 Bc3 42. Rxb7+ Kxb7 43. Rc1 Kc6 44. Rb1 Bb4 45. Kd3 Bc3
0-1

[Event "Open Sicilian Mini-Tournament"]
[Site "SchemingMind.com"]
[Date "2007.01.31"]
[Round "-"]
[White "fishofchaos"]
[Black "Archon"]
[Result "1/2-1/2"]
[WhiteCountry "ENG"]
[BlackCountry "CAN"]
[WhiteElo "1630"]
[WhiteRD "60"]
[BlackElo "1660"]
[BlackRD "74"]
[GameID "89620"]

1. e4 c5 2. Nf3 d6 3. d4 cxd4 4. Nxd4 Nf6 5. Nc3 e6 6. Be2 Nc6 7. O-O Be7 8. Be3 O-O 9. f4 e5 10. Nb3 exf4
11. Rxf4 Be6 12. Nd5 Bxd5 13. exd5 Ne5 14. c4 b6 15. Nd4 Rc8 16. Rc1 Nfd7 17. Qd2 a5 18. a4 Nc5 19. b3 Bg5 20. Rf2 Bxe3
21. Qxe3 Ncd7 22. h3 g6 23. Rcf1 Qh4 24. Nf3 Qe7 25. Nxe5 Nxe5 26. Qg3 Kg7 27. h4=
1/2-1/2